Central Library OPAC University of Rajshahi

রবীন্দ্রনাথ ছোটগল্পের সমাজতত্ত্ব / (Record no. 85872)

MARC details
000 -LEADER
fixed length control field 00864nam a2200217 a 4500
001 - CONTROL NUMBER
control field 85872
003 - CONTROL NUMBER IDENTIFIER
rucl marc code BD-RjUL
005 - DATE AND TIME OF LATEST TRANSACTION
control field 20251020111827.0
008 - FIXED-LENGTH DATA ELEMENTS--GENERAL INFORMATION
fixed length control field 251020s1993 bg ||||| |||| 00| f ben d
035 ## - SYSTEM CONTROL NUMBER
System control number (BD-RjUL)85872
040 ## - CATALOGING SOURCE
Original cataloging agency BD-RjUL
Language of cataloging ben
Transcribing agency BD-RjUL
041 ## - LANGUAGE CODE
Language code of text/sound track or separate title ben
082 ## - DEWEY DECIMAL CLASSIFICATION NUMBER
Edition number 23
Classification number 891.44309
Author mark and year GUR 1993
100 ## - MAIN ENTRY--PERSONAL NAME
Personal name গুপ্ত, ক্ষেত্র
9 (RLIN) 145820
245 10 - TITLE STATEMENT
Title রবীন্দ্রনাথ ছোটগল্পের সমাজতত্ত্ব /
Statement of responsibility, etc. ক্ষেত্র গুপ্ত
260 ## - PUBLICATION, DISTRIBUTION, ETC. (IMPRINT)
Place of publication, distribution, etc. কলিকাতা :
Name of publisher, distributor, etc. পুস্তক বিপণি,
Date of publication, distribution, etc. ১৯৯৩
300 ## - PHYSICAL DESCRIPTION
Pagination ১১২ পৃ. ;
Size ২২ সেমি
650 ## - SUBJECT ADDED ENTRY--TOPICAL TERM
Topical term or geographic name as entry element বাংলা উপন্যাস
General subdivision ইতিহাস ও সমালোচনা
9 (RLIN) 120092
Topical term or geographic name as entry element Bengali Fiction
General subdivision History and Criticism
9 (RLIN) 118845
942 ## - ADDED ENTRY ELEMENTS (KOHA)
Source of classification or shelving scheme Dewey Decimal Classification
Koha item type Books
Holdings
Lost status Source of classification or shelving scheme Damaged status Not for loan Collection code Permanent Location Current Location Shelving location Date acquired Source of acquisition Total Checkouts Full call number Date last seen Copy number Koha item type
  Dewey Decimal Classification   Not For Loan Fiction Central Library, University of Rajshahi Central Library, University of Rajshahi Reading Room 28/05/2007 Paragon Enter prise   B 891.44309 GUR 1993 20/10/2025 C-1 Books